Countries But Their Flags Are Cat-Shaped - Statistics

General Stats
  • This quiz has been taken 18 times
  • The average score is 15 of 16
Answer Stats
Picture Answer % Correct
Brazil
100%
China
100%
India
100%
Italy
100%
Mexico
100%
New Zealand
100%
Norway
100%
South Africa
100%
Ukraine
100%
Bhutan
88%
Dominican Republic
88%
Ethiopia
88%
Peru
88%
Portugal
88%
Ghana
82%
Thailand
82%
No matching quizzes found
Score Distribution
Percent of People with Each Score
Percentile by Number Answered
Your Score History
You have not taken this quiz